Normal view
MARC view
- الابراهيم،موسى ابراهيم
Entry Personal Name
001 - CONTROL NUMBER
- control field: 10168
003 - CONTROL NUMBER IDENTIFIER
- control field: JO-AjAnu
005 - DATE AND TIME OF LATEST TRANSACTION
- control field: 20230606071931.0
008 - FIXED-LENGTH DATA ELEMENTS
- fixed length control field: 230606|| aca||aabn | a|a d
040 ## - CATALOGING SOURCE
- Original cataloging agency: JO-AjAnu
- Transcribing agency: JO-AjAnu
100 ## - HEADING--PERSONAL NAME
- Personal name: الابراهيم،موسى ابراهيم
670 ## - SOURCE DATA FOUND
- Source citation: Work cat.: (JO-AjAnu)5238: الابراهيم،موسى ابراهيم, author, تأملات قرآنية :بحث منهجي في علوم القرآن الكريم